Normal view MARC view

Entry Personal Name

Number of records used in: 1

001 - CONTROL NUMBER

  • control field: 30579

003 - CONTROL NUMBER IDENTIFIER

  • control field: dpl

005 - DATE AND TIME OF LATEST TRANSACTION

  • control field: 20110801101223.0

008 - FIXED-LENGTH DATA ELEMENTS

  • fixed length control field: 110801|||a|||||| | ||| d

040 ## - CATALOGING SOURCE

  • Original cataloging agency: dpl
  • Transcribing agency: dpl

100 ## - HEADING--PERSONAL NAME

  • Personal name: Dhamija, Jasleen

670 ## - SOURCE DATA FOUND

  • Source citation: Work cat.: (dpl)54366: Dhamija, Jasleen , Indian folk arts and crafts / , 1992

670 ## - SOURCE DATA FOUND

  • Source citation: Work cat.: (dpl)54366: Dhamija, Jasleen , Indian folk arts and crafts / , 1992

© Delhi Public Library
Hit Counter
free hit counter